Flags of Europe 1900 - Statistics

General Stats
  • This quiz has been taken 55 times
  • The average score is 21 of 25
Answer Stats
Picture Answer % Correct
Russia
100%
Spain
98%
Denmark
95%
France
95%
Netherlands
95%
Switzerland
95%
United Kingdom
95%
Belgium
90%
Italy
90%
Luxembourg
90%
Romania
90%
Ottoman Empire
88%
San Marino
88%
Serbia
88%
Austria-Hungary
85%
Monaco
85%
Germany
83%
Norway
83%
Bulgaria
80%
Sweden
80%
Greece
75%
Portugal
75%
Montenegro
73%
Liechtenstein
70%
Andorra
50%
No matching quizzes found
Score Distribution
Percent of People with Each Score
Percentile by Number Answered
Your Score History
You have not taken this quiz